[Event "Ghent Eastman op 42nd"]
[Site "Ghent"]
[Date "2019.07.22"]
[Round "6"]
[White "Dijckmans, Bjorn"]
[Black "Mirzoev, Azer"]
[Result "0-1"]
[WhiteElo "2160"]
[BlackElo "2474"]
[PlyCount "110"]
[EventDate "2019.07.20"]
[EventType "swiss"]
[EventRounds "9"]
[EventCountry "BEL"]
[SourceTitle "CBM 191 Extra"]
[Source "ChessBase"]
[SourceDate "2019.09.30"]
[SourceVersion "1"]
[SourceVersionDate "2019.09.30"]
[SourceQuality "1"]

1. d4 d5 2. Bf4 c5 3. e3 Qb6 4. Nc3 e6 5. Nb5 Na6 6. c3 Nf6 7. a4 Be7 8. h3 0-0 9. Nf3 Bd7 10. a5 Qd8 11. Nd6 Bxd6 12. Bxd6 Ba4 13. Qxa4 Qxd6 14. Qa3 Rfc8 15. Bd3 Qf8 16. 0-0 Nb8 17. Rfe1 Nbd7 18. e4 dxe4 19. Bxe4 Nxe4 20. Rxe4 Nf6 21. Re2 a6 22. dxc5 Qxc5 23. Qxc5 Rxc5 24. Nd2 Rc7 25. Ra4 Rac8 26. g3 g6 27. Kg2 Kg7 28. Kf1 h6 29. Ke1 Nd5 30. Ree4 Ne7 31. Nc4 Rd8 32. Ne5 Rd5 33. Rac4 Rxe5 34. Rxc7 Rxe4+ 35. Kd2 Nc6 36. b4 Nxb4 37. cxb4 Rxb4 38. h4 Rb2+ 39. Ke3 Rb5 40. Kf3 g5 41. hxg5 hxg5 42. g4 Kf6 43. Kg3 Rxa5 44. Rxb7 Ra3+ 45. Kg2 a5 46. Ra7 a4 47. Kh2 Ra2 48. Kg3 a3 49. Kg2 Ra1 50. Ra5 a2 51. Kh2 Ke7 52. Kg2 f5 53. gxf5 exf5 54. Kh2 g4 55. Kg2 f4 0-1

[Event "BEL-chT 1415"]
[Site "Belgium"]
[Date "2014.11.30"]
[Round "5.3"]
[White "Dijckmans, Bjorn"]
[Black "Ootes, Lars"]
[Result "0-1"]
[WhiteElo "2133"]
[BlackElo "2368"]
[PlyCount "78"]
[EventDate "2014.09.28"]
[EventType "team-swiss"]
[EventRounds "11"]
[EventCountry "BEL"]
[SourceTitle "EXT 2016"]
[Source "ChessBase"]
[SourceDate "2015.10.08"]
[SourceVersion "1"]
[SourceVersionDate "2015.10.08"]
[SourceQuality "1"]
[WhiteTeam "Temse"]
[BlackTeam "Borgerhout"]
[WhiteTeamCountry "BEL"]
[BlackTeamCountry "BEL"]

1. Nf3 c5 2. c4 Nc6 3. g3 e5 4. Nc3 g6 5. Bg2 Bg7 6. 0-0 d6 7. Ne1 Be6 8. Nd5 Qd7 9. Nc2 h5 10. e3 h4 11. Rb1 Nh6 12. b4 Rc8 13. bxc5 dxc5 14. d4 Bh3 15. Rxb7 Qxb7 16. Bxh3 Nf5 17. Bg2 Qa6 18. dxe5 Bxe5 19. e4 Nfd4 20. Nce3 Qxa2 21. Bd2 Rd8 22. f4 Bg7 23. e5 hxg3 24. hxg3 Kf8 25. Rf2 Qa6 26. Bc3 Qc8 27. g4 Rh4 28. Be4 Qb8 29. Qe1 Qc8 30. Rg2 Rh3 31. Qf2 Re8 32. Bd3 Qd8 33. Rg3 Qh4 34. Rxh3 Qxh3 35. Be4 Rb8 36. Qg2 Qxg2+ 37. Kxg2 Ne2 38. Kf3 Nxc3 39. Nxc3 Rb3 0-1

[Event "Ghent Taminco op 37th"]
[Site "Ghent"]
[Date "2014.07.21"]
[Round "5"]
[White "Sadikhov, Ulvi Ramil Oglu"]
[Black "Dijckmans, Bjorn"]
[Result "1-0"]
[WhiteElo "2335"]
[BlackElo "2133"]
[PlyCount "59"]
[EventDate "2014.07.19"]
[EventType "swiss"]
[EventRounds "9"]
[EventCountry "BEL"]
[SourceTitle "CBM 161 Extra"]
[Source "ChessBase"]
[SourceDate "2014.08.29"]
[SourceVersion "1"]
[SourceVersionDate "2014.08.29"]
[SourceQuality "1"]

1. e4 g6 2. d4 Bg7 3. Nc3 d6 4. Nge2 Nf6 5. g3 0-0 6. Bg2 e5 7. 0-0 Nc6 8. d5 Ne7 9. f4 c6 10. fxe5 Ng4 11. exd6 Qxd6 12. Qe1 cxd5 13. exd5 Nf5 14. Rf4 Nfe3 15. Bxe3 Nxe3 16. Qf2 Nxg2 17. Kxg2 Be5 18. Rc4 b5 19. Rc5 Bf5 20. Nxb5 Qb6 21. d6 Rae8 22. Rd1 Bxb2 23. Rd2 a6 24. Rxf5 Qc6+ 25. Qf3 Qxf3+ 26. Rxf3 axb5 27. Rb3 Be5 28. Rxb5 Re6 29. Rbd5 Rd8 30. c4 1-0

[Event "BEL-chT 0607"]
[Site "Belgium"]
[Date "2007.01.14"]
[Round "6"]
[White "Viaene, Arvid"]
[Black "Dijckmans, Bjorn"]
[Result "1-0"]
[WhiteElo "2031"]
[BlackElo "2157"]
[PlyCount "51"]
[EventDate "2006.10.01"]
[EventType "team-tourn"]
[EventRounds "11"]
[EventCountry "BEL"]
[SourceTitle "EXT 2008"]
[Source "ChessBase"]
[SourceDate "2007.11.25"]
[SourceVersion "1"]
[SourceVersionDate "2007.11.25"]
[SourceQuality "1"]
[WhiteTeam "KBSK Brugge II"]
[BlackTeam "Boey Temse"]
[WhiteTeamCountry "BEL"]
[BlackTeamCountry "BEL"]

1. d4 d5 2. Nf3 Nc6 3. Bg5 Bg4 4. e3 Qd7 5. Be2 h6 6. Bh4 e6 7. Nbd2 Be7 8. Bg3 Bd6 9. c4 Nf6 10. Rc1 Bxg3 11. hxg3 0-0 12. 0-0 Qd6 13. a3 Rfe8 14. c5 Qd8 15. Bb5 e5 16. Bxc6 bxc6 17. dxe5 Ne4 18. Qa4 Bxf3 19. Nxf3 Re6 20. Nd4 Rg6 21. e6 fxe6 22. Qxc6 Kh7 23. Nb5 Rb8 24. Qxc7 Qf8 25. Nd4 Rxb2 26. Nf3 1-0

[Event "BEL-chT 0607"]
[Site "Belgium"]
[Date "2006.12.03"]
[Round "5"]
[White "De Haan, Eric"]
[Black "Dijckmans, Bjorn"]
[Result "1-0"]
[WhiteElo "2307"]
[BlackElo "2157"]
[PlyCount "73"]
[EventDate "2006.10.01"]
[EventType "team-tourn"]
[EventRounds "11"]
[EventCountry "BEL"]
[SourceTitle "CBM 115 Extra"]
[Source "ChessBase"]
[SourceDate "2007.01.10"]
[SourceVersion "1"]
[SourceVersionDate "2007.01.10"]
[SourceQuality "1"]
[WhiteTeam "Borgerhout"]
[BlackTeam "Boey Temse"]
[WhiteTeamCountry "BEL"]
[BlackTeamCountry "BEL"]

1. d4 Nf6 2. c4 g6 3. Nc3 d5 4. cxd5 Nxd5 5. e4 Nxc3 6. bxc3 Bg7 7. Nf3 0-0 8. Be2 c5 9. 0-0 Qc7 10. Bg5 h6 11. Bh4 Nc6 12. Bg3 e5 13. d5 Rd8 14. Nd2 Na5 15. c4 b6 16. Qc2 g5 17. Rfe1 Nb7 18. Nf1 Nd6 19. Ne3 Qe7 20. a4 a5 21. Rab1 Ra6 22. Rb2 Qc7 23. Bh5 Bf6 24. Bg4 Re8 25. f3 Kg7 26. Reb1 Bd8 27. Bh5 Re7 28. Bf2 Bd7 29. Kh1 f6 30. g3 Be8 31. Bg4 Bg6 32. Be1 h5 33. Be6 Bf7 34. Nf5+ Nxf5 35. Bxf5 Be8 36. Bc3 Qd6 37. Rf1 1-0

[Event "BEL-chT 0405"]
[Site "Belgium"]
[Date "2005.01.30"]
[Round "8"]
[White "Dijckmans, Bjorn"]
[Black "Ghysels, Chris"]
[Result "1/2-1/2"]
[WhiteElo "2152"]
[BlackElo "2237"]
[PlyCount "32"]
[EventDate "2004.09.09"]
[EventType "team-tourn"]
[EventRounds "11"]
[EventCountry "BEL"]
[SourceTitle "EXT 2006"]
[Source "ChessBase"]
[SourceDate "2005.11.24"]
[SourceVersion "1"]
[SourceVersionDate "2005.11.24"]
[SourceQuality "1"]
[WhiteTeam "Boey Temse"]
[BlackTeam "Jean Jaures"]
[WhiteTeamCountry "BEL"]
[BlackTeamCountry "BEL"]

1. d4 g6 2. e4 c5 3. d5 Bg7 4. c4 d6 5. Nc3 Nf6 6. Bd3 0-0 7. Nge2 e6 8. 0-0 exd5 9. cxd5 Na6 10. h3 Bd7 11. Ng3 Ne8 12. f4 Qh4 13. Qf3 Rb8 14. Be3 Nb4 15. Bb1 f5 16. exf5 Bxf5 1/2-1/2

[Event "EU-chT Railways USIC"]
[Site "Dresden"]
[Date "2000.06.24"]
[Round "7.2"]
[White "Tomic, Zvonimir"]
[Black "Dijckmans, Bjorn"]
[Result "1/2-1/2"]
[WhiteElo "2173"]
[BlackElo "2219"]
[PlyCount "46"]
[EventDate "2000.06.19"]
[EventType "team-swiss"]
[EventRounds "7"]
[EventCountry "GER"]
[SourceTitle "EXT 2002"]
[Source "ChessBase"]
[SourceDate "2001.11.25"]
[SourceVersion "1"]
[SourceVersionDate "2001.11.25"]
[SourceQuality "1"]
[WhiteTeam "Croatia (USIC)"]
[BlackTeam "Belgium (USIC)"]
[WhiteTeamCountry "CRO"]
[BlackTeamCountry "BEL"]

1. Nf3 d6 2. d4 Bg4 3. e4 Nf6 4. Nc3 e6 5. Be2 Be7 6. 0-0 0-0 7. Be3 d5 8. exd5 exd5 9. Ne5 Bxe2 10. Qxe2 c6 11. a3 Nfd7 12. Qd3 Nxe5 13. dxe5 Nd7 14. Bf4 f6 15. exf6 Bxf6 16. Bd6 Rf7 17. a4 Ne5 18. Bxe5 Bxe5 19. Nd1 Qf6 20. c3 Re8 21. a5 a6 22. Ra4 Qf5 23. Qxf5 Rxf5 1/2-1/2

[Event "EU-chT Railways USIC"]
[Site "Dresden"]
[Date "2000.06.23"]
[Round "6.2"]
[White "Dijckmans, Bjorn"]
[Black "Muzik, Martin"]
[Result "1/2-1/2"]
[WhiteElo "2219"]
[BlackElo "2267"]
[PlyCount "44"]
[EventDate "2000.06.19"]
[EventType "team-swiss"]
[EventRounds "7"]
[EventCountry "GER"]
[SourceTitle "EXT 2002"]
[Source "ChessBase"]
[SourceDate "2001.11.25"]
[SourceVersion "1"]
[SourceVersionDate "2001.11.25"]
[SourceQuality "1"]
[WhiteTeam "Belgium (USIC)"]
[BlackTeam "Czech Republic (USIC)"]
[WhiteTeamCountry "BEL"]
[BlackTeamCountry "CZE"]

1. Nf3 d5 2. c4 c6 3. b3 Nf6 4. g3 g6 5. Bg2 Bg7 6. 0-0 0-0 7. Bb2 Bf5 8. d3 Qc8 9. Re1 Bh3 10. Bh1 Rd8 11. Nbd2 Na6 12. Rc1 Qd7 13. a3 Rac8 14. Rc2 Nc7 15. b4 Ne6 16. Qa1 Qe8 17. Rec1 dxc4 18. Nxc4 Nh5 19. Bxg7 Nhxg7 20. Na5 Rb8 21. Nb3 f6 22. a4 a6 1/2-1/2

[Event "EU-chT Railways USIC"]
[Site "Dresden"]
[Date "2000.06.22"]
[Round "4.2"]
[White "Kocic, Sasa"]
[Black "Dijckmans, Bjorn"]
[Result "1-0"]
[WhiteElo "2297"]
[BlackElo "2219"]
[PlyCount "99"]
[EventDate "2000.06.19"]
[EventType "team-swiss"]
[EventRounds "7"]
[EventCountry "GER"]
[SourceTitle "EXT 2002"]
[Source "ChessBase"]
[SourceDate "2001.11.25"]
[SourceVersion "1"]
[SourceVersionDate "2001.11.25"]
[SourceQuality "1"]
[WhiteTeam "Yugoslavia (USIC)"]
[BlackTeam "Belgium (USIC)"]
[WhiteTeamCountry "YUG"]
[BlackTeamCountry "BEL"]

1. Nf3 Nc6 2. c4 e5 3. Nc3 Nf6 4. d4 exd4 5. Nxd4 Bb4 6. Bg5 h6 7. Bh4 Bxc3+ 8. bxc3 d6 9. e3 Ne5 10. f3 0-0 11. Be2 Ng6 12. Bf2 Nd7 13. 0-0 Nc5 14. Qd2 b6 15. e4 Ba6 16. Nb5 Qd7 17. Rfb1 Bb7 18. Nd4 Rfe8 19. Nf5 Bxe4 20. fxe4 Nxe4 21. Nxh6+ gxh6 22. Qxh6 Nxf2 23. Kxf2 Qf5+ 24. Bf3 Qc5+ 25. Kf1 Qxc4+ 26. Kg1 Rad8 27. Rf1 Re5 28. Kh1 Qh4 29. Qd2 Rde8 30. Bd5 R8e7 31. Qd3 Nf4 32. Qc4 Rxd5 33. Rxf4 Re1+ 34. Rxe1 Qxe1+ 35. Rf1 Qd2 36. Qxc7 Qc2 37. Qxa7 Ra5 38. Qxb6 Rxa2 39. Qd8+ Kg7 40. Qg5+ Qg6 41. Qd5 Rc2 42. h3 Kg8 43. Rf5 Kf8 44. Qa8+ Kg7 45. Rf4 Rc1+ 46. Kh2 Rxc3 47. Rg4 Qxg4 48. hxg4 Rc5 49. Qd8 Rd5 50. g5 1-0

[Event "EU-chT Railways USIC"]
[Site "Dresden"]
[Date "2000.06.21"]
[Round "2.2"]
[White "Trescher, Manfred"]
[Black "Dijckmans, Bjorn"]
[Result "1-0"]
[WhiteElo "2194"]
[BlackElo "2219"]
[PlyCount "93"]
[EventDate "2000.06.19"]
[EventType "team-swiss"]
[EventRounds "7"]
[EventCountry "GER"]
[SourceTitle "EXT 2002"]
[Source "ChessBase"]
[SourceDate "2001.11.25"]
[SourceVersion "1"]
[SourceVersionDate "2001.11.25"]
[SourceQuality "1"]
[WhiteTeam "Germany (USIC)"]
[BlackTeam "Belgium (USIC)"]
[WhiteTeamCountry "GER"]
[BlackTeamCountry "BEL"]

1. e4 Nc6 2. d4 e5 3. Nf3 exd4 4. Nxd4 Nf6 5. Nxc6 bxc6 6. e5 Qe7 7. Qe2 Nd5 8. c4 Ba6 9. Nd2 0-0-0 10. Qe4 Nb6 11. c5 Bxf1 12. cxb6 Ba6 13. bxa7 Kb7 14. Nb3 Qb4+ 15. Qxb4+ Bxb4+ 16. Bd2 Bxd2+ 17. Kxd2 d6 18. exd6 cxd6 19. Rhe1 Rd7 20. Rac1 Kb6 21. Nd4 c5 22. Nf5 Rxa7 23. a3 Bc8 24. Ne3 Kc6 25. Rc2 Be6 26. Rec1 Rb8 27. f4 Bb3 28. Rc3 Ra5 29. Nf5 Kd7 30. Nxg7 c4 31. Re1 Rg8 32. Rg3 Rd5+ 33. Kc3 Rb8 34. f5 Ba2 35. f6 Rb3+ 36. Kc2 Rxg3 37. Re7+ Kc6 38. hxg3 Rd3 39. Re1 Bb3+ 40. Kc1 Rxg3 41. Re2 Rd3 42. Re1 Rg3 43. Re2 Rg5 44. Kd2 Kc5 45. Rf2 d5 46. Ne6+ fxe6 47. f7 1-0

[Event "EU-chT Railways USIC"]
[Site "Dresden"]
[Date "2000.06.20"]
[Round "1.2"]
[White "Dijckmans, Bjorn"]
[Black "Symeonidis, Ilarion"]
[Result "1-0"]
[WhiteElo "2219"]
[BlackElo "1800"]
[PlyCount "47"]
[EventDate "2000.06.19"]
[EventType "team-swiss"]
[EventRounds "7"]
[EventCountry "GER"]
[SourceTitle "EXT 2002"]
[Source "ChessBase"]
[SourceDate "2001.11.25"]
[SourceVersion "1"]
[SourceVersionDate "2001.11.25"]
[SourceQuality "1"]
[WhiteTeam "Belgium (USIC)"]
[BlackTeam "Greece (USIC)"]
[WhiteTeamCountry "BEL"]
[BlackTeamCountry "GRE"]

1. d4 d5 2. c4 e6 3. Nf3 Nd7 4. g3 Ngf6 5. Bg2 c6 6. Qc2 Qa5+ 7. Nbd2 Bb4 8. 0-0 0-0 9. Rd1 Qc7 10. e4 Bxd2 11. Nxd2 dxc4 12. Nxc4 Nb6 13. Bf4 Qd8 14. Ne5 Nfd7 15. Nf3 Nf6 16. a4 Nh5 17. Be3 Bd7 18. a5 Nc8 19. Ne5 Nd6 20. a6 Qc7 21. axb7 Nxb7 22. Ra6 Nf6 23. Bf4 Nh5 24. Nxc6 1-0

[Event "Ghent op 22nd"]
[Site "Ghent"]
[Date "1999.??.??"]
[Round "4"]
[White "Dijckmans, Bjorn"]
[Black "Filipek, Jakub"]
[Result "0-1"]
[WhiteElo "2240"]
[BlackElo "2395"]
[PlyCount "54"]
[EventDate "1999.07.??"]
[EventType "swiss"]
[EventRounds "9"]
[EventCountry "BEL"]
[SourceTitle "EXT 2000"]
[Source "ChessBase"]
[SourceDate "1999.11.16"]
[SourceVersion "1"]
[SourceVersionDate "1999.11.16"]
[SourceQuality "1"]

1. d4 Nf6 2. c4 g6 3. Nf3 Bg7 4. g3 0-0 5. Bg2 d6 6. 0-0 Nc6 7. Nc3 a6 8. d5 Na5 9. Nd2 c5 10. Qc2 Rb8 11. b3 b5 12. Bb2 bxc4 13. bxc4 Bh6 14. f4 e5 15. dxe6 fxe6 16. Rfd1 Ng4 17. Nce4 Rxb2 18. Qxb2 Bg7 19. Qa3 d5 20. cxd5 Bd4+ 21. Kh1 exd5 22. h3 dxe4 23. Nxe4 Ne3 24. Ng5 Nc2 25. Qd3 Nxa1 26. e3 Bf6 27. Bd5+ Kg7 0-1